000 00433nam a2200169Ia 4500
008 191130s1997##################000#0#eng##
020 _a9780553574074
040 _aACL
_cACL
082 _a813.54 QUI
100 _aQuick, Amanda
245 _aAffair
_cby Amanda Quick
260 _aNew York
_bBantam Books
_c1997
300 _a388 p. ; 18 cm
990 _a302d2a58ac10000c48111477ffd34efb
991 _a285360
999 _c243639
_d243639